|
|
|
|
| LEADER |
00000nam0a2200000 4500 |
| 001 |
325244 |
| 005 |
20231102003739.0 |
| 035 |
|
|
|a (RuTPU)RU\TPU\book\350857
|
| 090 |
|
|
|a 325244
|
| 100 |
|
|
|a 20161201d1965 km y0rusy50 ca
|
| 101 |
0 |
|
|a rus
|
| 102 |
|
|
|a RU
|
| 105 |
|
|
|a a z 001zy
|
| 200 |
1 |
|
|a Сварка алюминия и его сплавов со сталью и медью
|f Д. М. Рабкин
|
| 210 |
|
|
|a Москва
|c Машиностроение
|d 1965
|
| 215 |
|
|
|a 95 с.
|c ил.
|
| 320 |
|
|
|a Библиогр.: с. 92-94
|
| 606 |
1 |
|
|a Алюминий
|x Металловедение
|2 stltpush
|3 (RuTPU)RU\TPU\subj\21946
|9 46853
|
| 610 |
1 |
|
|a сварка
|
| 610 |
1 |
|
|a сталь
|
| 610 |
1 |
|
|a сплавы
|
| 610 |
1 |
|
|a медь
|
| 610 |
1 |
|
|a железо
|
| 610 |
1 |
|
|a сварка давлением
|
| 610 |
1 |
|
|a сварка плавлением
|
| 610 |
1 |
|
|a аргонодуговая сварка
|
| 610 |
1 |
|
|a холодная сварка
|
| 610 |
1 |
|
|a стыковая сварка
|
| 675 |
|
|
|a 669.71
|v 4
|
| 700 |
|
1 |
|a Рабкин
|b Д. М.
|g Даниил Маркович
|
| 801 |
|
1 |
|a RU
|b 63413507
|c 20161201
|
| 801 |
|
2 |
|a RU
|b 63413507
|c 20220411
|g RCR
|
| 942 |
|
|
|c BK
|